| 000 | 00611cam a2200205 a 4500 | ||
|---|---|---|---|
| 020 | _a0889364249 (pbk.) | ||
| 040 | _cDLC | ||
| 082 | 0 | 0 | _a338 INT 1985 A013 Or. |
| 245 | 0 | 0 |
_aSmall-scale fisheries in Asia : _bsocioeconomic analysis and policy / |
| 260 |
_aOttawa, Canada : _bInternational Development Research Centre, _cc1985. |
||
| 300 |
_a283 p. : _bill. ; _c25 cm. |
||
| 490 | 1 | _aIDRC ; | |
| 650 | 0 | _aFishery policy | |
| 650 | 0 | _aFishery management | |
| 650 | 0 | _aSmall-scale fisheries | |
| 650 | 0 | _aSmall-scale fisheries | |
| 650 | 0 | _aFishery resources | |
| 700 | 1 | _aPanaĭotov, Todor. | |
| 942 | _cEK | ||
| 999 |
_c12885 _d12885 |
||